Hidden Neighbors of Mali Quiz Stats

Quiz not verified by Sporcle

Challenge
Share
Tweet
Score 0/7 Timer 01:00
0 Plays Today
% Correct
Mauritania
97%
Algeria
92.5%
Senegal
89.1%
Guinea
84.7%
Niger
84.7%
Burkina Faso
82.8%
Côte d’Ivoire
80.2%

You're not logged in!

Compare scores with friends on all Sporcle quizzes.
Sign Up with Email
OR
Log In

You Might Also Like...

Show Comments

Extras

Top Quizzes Today


Score Distribution

Your Account Isn't Verified!

In order to create a playlist on Sporcle, you need to verify the email address you used during registration. Go to your Sporcle Settings to finish the process.